00621nam a22002177a 450000500170000001000130001702000220003003500130005203700160006504000120008108200150009310000200010824500730012826000420020127000500024330000240029350000190031765000190033665000290035570000190038420170124105927.0 aA-991607 c00.00a8176480258 aA-991607 bCen Lib/Ret aDPLbEN a305.4bTRI aTripathi, R. S. aPerspectives on Indian women /cby R. S. Tripathi [and] R. P. Tiwari aNew DelhibA. P. H. Publishing c1999 a5, Ansari Road, Darya GanjbNew Delhie110002 axxi,360p.c22cm(Hb) aIncludes index aWomen -- India aWomen--Social conditions aTiwari, R. P.